<?xml version="1.0" encoding="UTF-8"?><?xml-stylesheet type="text/xsl" href="static/style.xsl"?><OAI-PMH xmlns="http://www.openarchives.org/OAI/2.0/" xmlns:xsi="http://www.w3.org/2001/XMLSchema-instance" xsi:schemaLocation="http://www.openarchives.org/OAI/2.0/ http://www.openarchives.org/OAI/2.0/OAI-PMH.xsd"><responseDate>2026-06-02T03:50:54Z</responseDate><request verb="GetRecord" identifier="oai:riuma.uma.es:10630/2584" metadataPrefix="marc">https://riuma.uma.es/rest/oai/request</request><GetRecord><record><header><identifier>oai:riuma.uma.es:10630/2584</identifier><datestamp>2026-02-03T12:36:07Z</datestamp><setSpec>com_10630_2254</setSpec><setSpec>col_10630_37957</setSpec></header><metadata><record xmlns="http://www.loc.gov/MARC21/slim" xmlns:dcterms="http://purl.org/dc/terms/" xmlns:doc="http://www.lyncode.com/xoai" xmlns:xsi="http://www.w3.org/2001/XMLSchema-instance" xsi:schemaLocation="http://www.loc.gov/MARC21/slim http://www.loc.gov/standards/marcxml/schema/MARC21slim.xsd">
   <leader>00925njm 22002777a 4500</leader>
   <datafield ind2=" " ind1=" " tag="042">
      <subfield code="a">dc</subfield>
   </datafield>
   <datafield ind2=" " ind1=" " tag="720">
      <subfield code="a">Stoner Nieves, Ruth Ann</subfield>
      <subfield code="e">author</subfield>
   </datafield>
   <datafield ind2=" " ind1=" " tag="260">
      <subfield code="c">2000</subfield>
   </datafield>
   <datafield ind2=" " ind1=" " tag="520">
      <subfield code="a">Esta tesis doctoral contiene un estudio de la literatura de Rebecca Harding Davis, una escritora estadounidense del siglo XIX cuyo trabajo abarcó el periodismo, la novela, el relato y literatura juvenil. Rebecca Harding Davis se lanzó a la fama con la publicación de la novela corta, "Life in the Iron Mills" en Atlantic Monthly, la revista literaria de más prestigio en aquel periodo. Por este trabajo y por su implicación en proyectos de reforma social, se considera pionera del realismo norteamericano. Una escritora olvidada desde entonces, la escritora Tillie Olsen la redescubrió en 1972 publicando "Iron-Mills" en Feminist Press. Sus obras, que incluyen más de 19 novelas, mas de 175 relatos y más de 200 ensayos, vieron la luz todas en las revistas más importantes de los Estados Unidos entre 1861 y 1910.Este estudio analiza a fondo su corpus popular, principalmente las obras que Davis publicó en la revista Petersonś, la publicación periódica de más amplia circulación.</subfield>
   </datafield>
   <datafield ind1="8" ind2=" " tag="024">
      <subfield code="a">8474968771</subfield>
   </datafield>
   <datafield ind1="8" ind2=" " tag="024">
      <subfield code="a">http://hdl.handle.net/10630/2584</subfield>
   </datafield>
   <datafield tag="653" ind2=" " ind1=" ">
      <subfield code="a">Davis, Rebecca Harding - Crítica e interpretación - Tesis doctorales</subfield>
   </datafield>
   <datafield tag="653" ind2=" " ind1=" ">
      <subfield code="a">Literatura popular - S.XIX</subfield>
   </datafield>
   <datafield ind2="0" ind1="0" tag="245">
      <subfield code="a">La literatura popular de Rebecca Harding Davis</subfield>
   </datafield>
</record>
</metadata></record></GetRecord></OAI-PMH>